000 01735nam a22004337a 4500
003 CHAP
005 20220329143411.0
008 090407s2008 mx a r 00010 spa d
010 _a96020
011 _a96992
035 _a107649
040 _cCHAP
090 _aTesis
100 1 _aEspinosa Carrillo, César.
_937902
245 1 0 _aIdentificación del parasitoide (Diptera : Tachinidae) del gusano peludo Estigmene acraea Drury (Lepidoptera : Arctiidae) en la región de Texcoco, estado de México
_c/por César Espinosa Carrillo
260 _aChapingo, Méx. :
_bEl autor,
_c2008
300 _av, 46 h. :
_bilus., cuadros, tablas
502 _aTesis (Ing. Agr. Esp. en Parasitología Agrícola) -- UACH. Departamento de Parasitología Agrícola
530 _aTambién disponible en línea
590 _aALEPH
_b10
_c20130110
_lUCH01
_h1528
590 _aBATCH-UPD
_b10
_c20130110
_lUCH01
_h1630
590 _aBATCH-UPD
_b10
_c20130410
_lUCH01
_h1022
590 _aBATCH-UPD
_b10
_c20130914
_lUCH01
_h1218
590 _aBATCH-UPD
_b10
_c20140324
_lUCH01
_h1511
590 _aBATCH-UPD
_b10
_c20141002
_lUCH01
_h0839
590 _aCONVERSION
_b10
_c20130109
_lUCH01
_h1353
650 1 4 _aDípteros.
_933715
650 1 4 _aEstigmene acraea.
_938310
650 1 4 _aInsectos parásitos y predatores.
_958961
650 1 4 _aInsectos
_zMéxico (Edo.).
_958952
650 1 4 _aLepidópteros.
_966252
650 1 4 _aParasitoides.
_985467
650 1 4 _aTachinidae.
_9111320
856 _3Finding aid
_uhttp://10.13.5.2/tesis/107649.pdf
_zTeclea aqui
901 _aBK
942 _cFOLL
949 _aTesis
_bBC
_cTES
_d33724002090298
_eTS1
_gDonaciØn
_h49205
_i107649
_sb
949 _aTesis
_bBC
_cTES
_d33724002090330
_eTS2
_fc.2
_gDonaciØn
_h49206
_i107649
_sb
999 _c96020
_d96020